Urban economics / (Record no. 22346)

MARC details
000 -LEADER
fixed length control field 00877pam a2200265 a 4500
001 - CONTROL NUMBER
control field 3922803
003 - CONTROL NUMBER IDENTIFIER
control field OSt
005 - DATE AND TIME OF LATEST TRANSACTION
control field 20211210181734.0
008 - FIXED-LENGTH DATA ELEMENTS--GENERAL INFORMATION
fixed length control field 920430s1993 ilua b 001 0 eng
010 ## - LIBRARY OF CONGRESS CONTROL NUMBER
LC control number 92017150
020 ## - INTERNATIONAL STANDARD BOOK NUMBER
International Standard Book Number 0256096171 (recycled paper)
040 ## - CATALOGING SOURCE
Original cataloging agency DLC
Transcribing agency HU
Modifying agency DLC
050 00 - LIBRARY OF CONGRESS CALL NUMBER
Classification number HT321
Item number .O88 1993
082 00 - DEWEY DECIMAL CLASSIFICATION NUMBER
Classification number 330.9173/2 OSU1993
Edition number 20
100 1# - MAIN ENTRY--PERSONAL NAME
Personal name O'Sullivan, Arthur.
9 (RLIN) 8914
245 10 - TITLE STATEMENT
Title Urban economics /
Statement of responsibility, etc. Arthur O'Sullivan.
250 ## - EDITION STATEMENT
Edition statement 2nd ed.
260 ## - PUBLICATION, DISTRIBUTION, ETC.
Place of publication, distribution, etc. Homewood, IL :
Name of publisher, distributor, etc. Irwin,
Date of publication, distribution, etc. c1993.
300 ## - PHYSICAL DESCRIPTION
Extent xxiv, 738 p. :
Other physical details ill. ;
Dimensions 24 cm.
504 ## - BIBLIOGRAPHY, ETC. NOTE
Bibliography, etc. note Includes bibliographical references (p. 717-724) and index.
650 #0 - SUBJECT ADDED ENTRY--TOPICAL TERM
Topical term or geographic name entry element Urban economics.
9 (RLIN) 6459
906 ## - LOCAL DATA ELEMENT F, LDF (RLIN)
a 7
b cbc
c orignew
d 1
e ocip
f 19
g y-gencatlg
942 ## - ADDED ENTRY ELEMENTS (KOHA)
Source of classification or shelving scheme Dewey Decimal Classification
Koha item type Books like text book referance book
Suppress in OPAC No
Holdings
Withdrawn status Lost status Source of classification or shelving scheme Damaged status Not for loan Collection code Home library Current library Shelving location Date acquired Total Checkouts Full call number Barcode Date last seen Copy number Price effective from Koha item type
    Dewey Decimal Classification     Reference Wondo Genet Library Wondo Genet Library General Stacks 12/10/2021   330.9173/2 OSU1993 WGCFNRL00007351 12/10/2021 1 12/10/2021 Books like text book referance book